M-1グランプリ準決勝進出者 - Statistics

General Stats
  • This quiz has been taken 83 times
  • The average score is 21 of 31
Answer Stats
ブロック コンビ名 所属事務所 結果 % Correct
D 真空ジェシカ プロダクション人力舎 通過
94%
D 令和ロマン 吉本興業 通過
92%
D トム・ブラウン ケイダッシュステージ 通過
90%
B ママタルト サンミュージックプロダクション 通過
89%
C ヤーレンズ ケイダッシュステージ 通過
87%
D ダイタク 吉本興業 通過
84%
B バッテリィズ 吉本興業 通過
82%
A ロングコートダディ 吉本興業 敗退
81%
C マユリカ 吉本興業 敗退
81%
D エバース 吉本興業 通過
81%
C ジョックロック 吉本興業 通過
79%
A 十九人 ASH&Dコーポレーション 敗退
77%
A オズワルド 吉本興業 敗退
71%
B インディアンス 吉本興業 敗退
69%
A スタミナパン SMA 敗退
68%
A フースーヤ 吉本興業 敗退
68%
B 今夜も星が綺麗 プロダクション人力舎/SMA 敗退
68%
C ナイチンゲールダンス 吉本興業 敗退
68%
D カベポスター 吉本興業 敗退
65%
B 家族チャーハン 吉本興業 敗退
63%
B 金魚番長 吉本興業 敗退
61%
C ダンビラムーチョ 吉本興業 敗退
61%
D シシガシラ 吉本興業 敗退
61%
A 豆鉄砲 ワタナベエンターテインメント 敗退
53%
A 例えば炎 吉本興業 敗退
53%
C 豪快キャプテン 吉本興業 敗退
53%
D ひつじねいり マセキ芸能社 敗退
48%
B カラタチ 吉本興業 敗退
47%
C 滝音 吉本興業 敗退
44%
B ドンデコルテ 吉本興業 敗退
42%
C 男性ブランコ 吉本興業 敗退
39%
No matching quizzes found
Score Distribution
Percent of People with Each Score
Percentile by Number Answered
Your Score History
You have not taken this quiz